|
|
|
|
| LEADER |
00000nas a22000007a 4500 |
| 001 |
ssj0009214 |
| 003 |
WaSeSS |
| 005 |
20200512172242.0 |
| 006 |
m d |
| 007 |
cr n |
| 008 |
030922c19969999ncuqr pss o 0 a0eng c |
| 010 |
|
|
|a 2006214157
|
| 015 |
|
|
|a GBB407804
|2 bnb
|
| 016 |
7 |
|
|a 026553724
|2 DE-101
|
| 016 |
7 |
|
|a 2163873-1
|2 DE-600
|
| 016 |
7 |
|
|a 015737927
|2 Uk
|
| 022 |
|
|
|a 1930-8892
|l 1084-5453
|y 1084-5453
|
| 035 |
|
|
|a (WaSeSS)ssj0009214
|
| 037 |
|
|
|b Environmental History, 701 Wm. Vickers Ave., Durham, NC 27701
|c $45.00 (institutions)
|
| 040 |
|
|
|a AMH
|b eng
|c AMH
|d OCLCQ
|d RBN
|d OCLCQ
|d MUQ
|d NSD
|d EYM
|d UQ1
|d OCLCQ
|d UKMGB
|d OCLCQ
|d GBVCP
|d OCLCQ
|d OCLCO
|d OCLCF
|d OCLCO
|d EUW
|d OCLCO
|d OCLCQ
|d DEBBG
|d GILDS
|d OCLCO
|d NLE
|d VT2
|d CEF
|d OCLCO
|d WaSeSS
|
| 042 |
|
|
|a pcc
|a nsdp
|
| 043 |
|
|
|a n-us---
|
| 050 |
1 |
4 |
|a GE180
|
| 082 |
1 |
0 |
|a 363.7
|2 13
|
| 130 |
0 |
|
|a Environmental history (Online)
|
| 210 |
0 |
|
|a Environ. hist.
|b (Online)
|
| 222 |
|
0 |
|a Environmental history
|b (Online)
|
| 245 |
1 |
0 |
|a Environmental history
|h [electronic resource].
|
| 246 |
1 |
3 |
|a EH
|
| 260 |
|
|
|a Durham, N.C. :
|b American Society for Environmental History and Forest History Society
|
| 310 |
|
|
|a Quarterly
|
| 362 |
1 |
|
|a Began with vol. 1, no. 1 (Jan. 1996).
|
| 506 |
|
|
|a License restrictions may limit access.
|
| 538 |
|
|
|a Mode of access: World Wide Web.
|
| 580 |
|
|
|a Merger of: Environmental history review; and: Forest & conservation history.
|
| 588 |
|
|
|a Description based on first issue; title from cover (JSTOR, viewed Oct. 31, 2007).
|
| 588 |
|
|
|a Latest issue consulted: Vol. 10, no. 3 (July 2005) (viewed publisher's Web site Mar. 22, 2006).
|
| 650 |
|
0 |
|a Environmental policy
|z United States
|v Periodicals.
|
| 650 |
|
6 |
|a Environnement
|x Politique gouvernementale
|z États-Unis
|v Périodiques.
|
| 650 |
|
7 |
|a Environmental policy.
|2 fast
|0 (OCoLC)fst00913250
|
| 650 |
1 |
7 |
|a Environnement.
|2 rasuqam
|
| 650 |
|
7 |
|a Politique gouvernementale.
|2 rasuqam
|
| 650 |
|
7 |
|a Politique environnementale.
|2 rasuqam
|
| 650 |
|
7 |
|a Influence de l'homme sur la nature.
|2 rasuqam
|
| 650 |
|
7 |
|a Histoire.
|2 rasuqam
|
| 650 |
|
7 |
|a Écologie humaine.
|2 rasuqam
|
| 651 |
|
7 |
|a United States.
|2 fast
|0 (OCoLC)fst01204155
|
| 655 |
|
0 |
|a Electronic journals.
|
| 710 |
2 |
|
|a American Society for Environmental History.
|
| 710 |
2 |
|
|a Forest History Society.
|
| 776 |
0 |
8 |
|i Print version:
|t Environmental history
|x 1084-5453
|w (DLC) 96651273
|w (OCoLC)33092825
|
| 780 |
1 |
4 |
|t Environmental history review
|
| 780 |
1 |
4 |
|t Forest & conservation history
|
| 856 |
4 |
0 |
|z Full text available from Research Library: 04/01/1998 to 10/31/2011
|u https://search.proquest.com/publication/32653
|